000
00361nam a2200169Ia 4500
001
9343
005
20250626030202.0
008
211022s9999 xx 000 0 und d
082
_a
248.29 KEL
100
_a
Kelsey, Morton T.
245
0
_a
Tongue speaking :
260
_a
Garden City
260
_b
Doubleday
260
_c
1968
300
_a
252
942
_c
BK
999
_c
8048
_d
8048